A STUDY of the urban ecosystem of the Kelang Valley Region, Malaysia; volume 1 : The Kelang Valley Region : some selected issues

Bibliographic Details
Other Authors: Sham Sani
Format: Book
Published: (Kuala Lumpur : UNESCO , 1986)
Subjects:

MARC

LEADER 00000cam a2200000 7i4500
001 0000002027
005 20020813.0
090 0 0 |a 363.709595116   |b STU 1986 
245 0 2 |a A STUDY of the urban ecosystem of the Kelang Valley Region, Malaysia; volume 1 :   |b The Kelang Valley Region : some selected issues   |c edited by Sham Sani 
260 0 0 |a (Kuala Lumpur :   |b UNESCO ,   |c 1986) 
300 |a 165 p. :   |b ill., maps ;   |c 25 cm. 
500 0 0 |a Includes bibliographies 
650 0 0 |a Urban climatology   |z Malaysia 
650 0 0 |a Urbanization   |z Malaysia 
700 0 1 |a Sham Sani 
998 |a JPSM 
999 |a 0000003161   |b Monograph   |c Open Shelf   |e Default branch